[Event "ch-IND National A"]
[Site "Calicut IND"]
[Date "2003.12.19"]
[Round "22"]
[White "Srinivasa Rao,M"]
[Black "Roy Chowdhury,S"]
[Result "1/2-1/2"]
[WhiteElo "2329"]
[BlackElo "2421"]
[EventDate "2003.12.04"]

1. c4 e5 2. Nc3 Nc6 3. g3 g6 4. Bg2 Bg7 5. Nf3 d6 6. d3 Nf6 7. O-O O-O 8.
Rb1 a5 9. a3 h6 10. b4 axb4 11. axb4 Be6 12. b5 Ne7 13. Bb2 Qd7 14. c5 Nfd5
15. Nxd5 Bxd5 16. Qc1 Ba2 17. Ra1 Qxb5 18. Ba3 e4 19. Rxa2 exf3 20. Bxf3
Qb3 21. cxd6 Qxa2 22. dxe7 Rfe8 23. Bb4 c6 24. Bg4 Qb3 25. Bd6 Qd5 26. Qf4
g5 27. Qb4 Be5 28. Bxe5 Qxe5 29. Qxb7 c5 30. Qc6 Rab8 31. Qxh6 Rxe7 32. Qc6
Rc7 33. Qf3 Kg7 34. Bf5 Rb4 35. e4 Kf8 36. Qe3 Qf6 37. Rc1 Rd4 38. Qd2 Qd8
39. Qa5 Qd6 40. Rb1 Rxd3 41. Qa8+ Kg7 42. Qa1+ Rd4 43. Kg2 c4 44. h4 gxh4
45. Rh1 Qb6 46. Rxh4 Ra7 47. Qc1 Qf6 48. Qf4 Ra8 49. Qc7 Rad8 50. Qc5 Qd6
51. Qa7 Qf6 52. Qc5 Qd6 53. Qa7 Qf6 54. Qc5 Qd6 1/2-1/2

[Event "ch-IND National A"]
[Site "Calicut IND"]
[Date "2003.12.19"]
[Round "22"]
[White "Sundararajan,K"]
[Black "Suvrajit,S"]
[Result "1-0"]
[WhiteElo "2446"]
[BlackElo "2387"]
[EventDate "2003.12.04"]

1. d4 d5 2. c4 c6 3. Nf3 Nf6 4. e3 a6 5. Bd3 Bg4 6. Qb3 Ra7 7. Ne5 Bh5 8.
cxd5 cxd5 9. Nc3 e6 10. O-O Nbd7 11. e4 dxe4 12. Nxe4 Nd5 13. Bg5 f6 14.
Ng3 Nxe5 15. dxe5 Bf7 16. exf6 gxf6 17. Bh4 Be7 18. Rfe1 O-O 19. Be4 b6 20.
Rad1 Rd7 21. Bxd5 Rxd5 22. Rxd5 exd5 23. Nf5 Bc5 24. Nh6+ Kg7 25. Nxf7 Rxf7
26. Qg3+ Kf8 27. Qf4 d4 28. Re6 d3 29. Bxf6 Bxf2+ 30. Kxf2 d2 31. Bxd8
Rxf4+ 32. Ke2 Rd4 33. Kd1 Rxd8 34. Rxb6 Rd5 35. Rxa6 Rf5 36. Kxd2 Rf2+ 37.
Kc3 Rxg2 38. Rh6 Kg7 39. Rh3 Rf2 40. a4 Kg6 41. a5 h5 42. b4 Kg5 43. Kc4
Kg4 44. Rg3+ Kf4 45. Ra3 Rxh2 46. a6 Rc2+ 47. Kb5 1-0

[Event "ch-IND National A"]
[Site "Calicut IND"]
[Date "2003.12.19"]
[Round "22"]
[White "Singh,SV"]
[Black "Hariharan,V"]
[Result "1/2-1/2"]
[WhiteElo "2342"]
[BlackElo "2245"]
[EventDate "2003.12.04"]

1. d4 d5 2. c4 e6 3. Nc3 Nf6 4. cxd5 exd5 5. Bg5 Be7 6. e3 c6 7. Bd3 Nbd7
8. Nge2 O-O 9. Qc2 Re8 10. O-O Nf8 11. f3 g6 12. Kh1 Ne6 13. Bh4 Nh5 14.
Bf2 f5 15. Rad1 Bf6 16. b4 Bd7 17. a4 Rc8 18. Qb3 Kh8 19. Bg1 Bg5 20. e4
Nef4 21. Nxf4 Bxf4 22. Ne2 Qh4 23. e5 Bh6 24. g3 Qe7 25. a5 a6 26. Nc3 Bf8
27. Na4 Ng7 28. Nc5 Rc7 29. Qc3 Ne6 30. f4 Bc8 31. Be3 Qf7 32. Rd2 Bxc5 33.
bxc5 Ng7 34. Rb1 Ne6 35. Rf2 Kg7 36. Rg1 h5 37. Kg2 Rh8 38. Kf1 Kf8 39. h3
Ke8 40. Qd2 Ng7 41. Rh2 Qf8 42. Qb4 Rf7 43. Bf2 Ne6 44. Qd2 Qg8 45. Be3
Rfh7 46. Rhg2 Nf8 47. Qf2 Be6 48. Ke1 Qf7 49. Be2 Qc7 50. Bd2 Qd7 51. Qe3
Qd8 52. Qb3 Bc8 53. Qd3 Be6 54. Kd1 Nd7 55. Qb3 Nf8 56. Qf3 Bc8 57. Kc2 Ne6
58. Bc3 g5 59. Bd3 Qxa5 60. Ra1 Qd8 61. Qe3 Rf7 62. Rb1 Qe7 63. Rh2 Qf8 64.
Rf1 g4 65. hxg4 hxg4 66. Rfh1 Rxh2+ 67. Rxh2 Qg8 68. Qg1 Rh7 69. Kb2 Qh8
70. Rxh7 Qxh7 71. Ka3 Nf8 72. Ba5 Ne6 73. Kb4 Nf8 1/2-1/2

[Event "ch-IND National A"]
[Site "Calicut IND"]
[Date "2003.12.19"]
[Round "22"]
[White "Harikrishna,P"]
[Black "Roktim,B"]
[Result "1-0"]
[WhiteElo "2570"]
[BlackElo "2352"]
[EventDate "2003.12.04"]

1. d4 d6 2. Nf3 Nf6 3. g3 c6 4. Bg2 Nbd7 5. O-O e5 6. c4 Be7 7. Nc3 O-O 8.
Qc2 exd4 9. Nxd4 Nb6 10. b3 d5 11. cxd5 cxd5 12. Bb2 Bg4 13. h3 Bd7 14.
Rfd1 Rc8 15. Qd3 Bc5 16. e4 dxe4 17. Nxe4 Nxe4 18. Bxe4 Qg5 19. Bxh7+ Kh8
20. h4 Qh5 21. Bf5 Rcd8 22. Bxd7 Rxd7 23. Qf5 Qxf5 24. Nxf5 f6 25. Rxd7
Nxd7 26. Rd1 Nb6 27. Nd6 1-0

[Event "ch-IND National A"]
[Site "Calicut IND"]
[Date "2003.12.19"]
[Round "22"]
[White "Ramesh,R"]
[Black "Thipsay,P"]
[Result "1/2-1/2"]
[WhiteElo "2466"]
[BlackElo "2486"]
[EventDate "2003.12.04"]

1. e4 e5 2. Nf3 Nc6 3. Bb5 a6 4. Ba4 Nf6 5. O-O Be7 6. Re1 b5 7. Bb3 O-O 8.
c3 d6 9. h3 Na5 10. Bc2 c5 11. d4 Qc7 12. Nbd2 cxd4 13. cxd4 Nc6 14. Nb3 a5
15. Be3 a4 16. Nbd2 Bd7 17. a3 Rfe8 18. Bd3 Qb7 19. Qe2 exd4 20. Nxd4 b4
21. Rac1 Ne5 22. Bb1 Rab8 23. f4 Ng6 24. Kh2 bxa3 25. bxa3 Qb2 26. Qd3 Nh5
27. Nc4 Qb7 28. Na5 Nhxf4 29. Qf1 Qb2 30. Nc4 Qxg2+ 31. Qxg2 Nxg2 32. Kxg2
Ne5 33. Rc2 Nxc4 34. Rxc4 d5 35. Rc7 Rb2+ 36. Re2 Rxb1 37. Rxd7 dxe4 38.
Rf2 g6 39. Nc6 Bxa3 40. Rfxf7 Rb2+ 41. Kg3 Bf8 42. Bd4 Rb5 43. Rxh7 Rh5 44.
Rhf7 e3 45. Rf6 Rg5+ 46. Kf4 Rg1 47. Rxf8+ Kxf8 48. Bc5+ Kg8 49. Ne7+ Kf7
50. Nf5+ Ke6 51. Rd6+ Kf7 52. Nxe3 Rc1 53. Bd4 Re6 54. Rd7+ Re7 55. Rd5 Rh1
56. Kg3 a3 57. Ra5 Re4 58. Ra7+ Ke8 59. Bc5 Re5 60. Bd4 Re4 61. Bb6 Rb1 62.
Nd5 Rxb6 63. Nxb6 Rb4 64. Nd5 Rb3+ 65. Kg4 Kd8 66. h4 Kc8 67. Ne7+ Kb8 68.
Nc6+ Kc8 69. Ra8+ Kc7 70. Ne7 Kb7 71. Ra4 Kb6 72. Nd5+ Kb5 73. Ra8 Kc4 74.
Nf4 Kc3 75. Nxg6 Kb2 76. Ne5 Rc3 77. h5 a2 78. h6 a1=Q 1/2-1/2

[Event "ch-IND National A"]
[Site "Calicut IND"]
[Date "2003.12.20"]
[Round "23"]
[White "Prathamesh,S"]
[Black "Barua,D"]
[Result "0-1"]
[WhiteElo "2379"]
[BlackElo "2528"]
[EventDate "2003.12.04"]

1. e4 e6 2. d4 d5 3. e5 c5 4. c3 Nc6 5. Nf3 Qb6 6. a3 Nh6 7. b4 cxd4 8.
cxd4 Nf5 9. Be3 Bd7 10. Bd3 Rc8 11. O-O Be7 12. g4 Nxe3 13. fxe3 Nd8 14.
Qe2 a6 15. Nbd2 Bb5 16. Bxb5+ Qxb5 17. Qxb5+ axb5 18. Rfc1 Rxc1+ 19. Rxc1
Kd7 20. e4 Nc6 21. exd5 exd5 22. Nf1 Ra8 23. Rc3 f6 24. Ne3 Ke6 25. Nf5
fxe5 26. dxe5 g6 27. Nxe7 Kxe7 28. Kg2 Ke6 29. Rc5 Rxa3 30. Ng5+ Kxe5 31.
Rxb5 Ra2+ 32. Kg3 Ra3+ 33. Kg2 Ra7 34. Nxh7 Nd4 35. Rb6 Ne6 36. h4 d4 37.
Ng5 Nf4+ 38. Kf3 Ra3+ 39. Kf2 d3 40. Rb5+ Kd4 41. Nf3+ Kc4 42. Rxb7 Ra2+
43. Kf1 Nd5 44. Ne5+ Kd4 45. Nxd3 Kxd3 46. Rd7 Ke4 47. h5 g5 48. h6 Rh2 49.
h7 Nf6 50. Rf7 Ke5 51. b5 Rxh7 52. Rf8 Rb7 0-1

[Event "ch-IND National A"]
[Site "Calicut IND"]
[Date "2003.12.20"]
[Round "23"]
[White "Thipsay,P"]
[Black "Sareen,V"]
[Result "0-1"]
[WhiteElo "2486"]
[BlackElo "2367"]
[EventDate "2003.12.04"]

1. e4 c5 2. Nf3 d6 3. d4 cxd4 4. Nxd4 Nf6 5. Nc3 a6 6. Be2 e5 7. Nb3 Be7 8.
Bg5 O-O 9. Bxf6 Bxf6 10. O-O Be6 11. Qd3 Qc7 12. Nd5 Bxd5 13. Qxd5 Nc6 14.
c3 Ne7 15. Qd3 Rad8 16. Bf3 Bg5 17. Rad1 g6 18. c4 f5 19. Na1 Nc6 20. Nc2
f4 21. Be2 Bf6 22. b4 Nd4 23. Nxd4 exd4 24. Rc1 b6 25. Rc2 Qe7 26. Bf3 Be5
27. Rd1 Rc8 28. Qa3 Qb7 29. Bg4 Rce8 30. Rcd2 h5 31. Be2 Rc8 32. h3 f3 33.
Bxf3 Rxc4 34. Be2 Rc3 35. Qxa6 Qf7 36. Bd3 h4 37. Kf1 Qf4 38. Qb5 Qh2 39.
Qd5+ Kg7 40. Qe6 Qh1+ 41. Ke2 Qxg2 42. Qe7+ Rf7 43. Qxh4 Rf4 44. Qg3 Rxe4+
45. Bxe4 Qxe4+ 0-1

[Event "ch-IND National A"]
[Site "Calicut IND"]
[Date "2003.12.20"]
[Round "23"]
[White "Suvrajit,S"]
[Black "Ganguly,S"]
[Result "0-1"]
[WhiteElo "2387"]
[BlackElo "2531"]
[EventDate "2003.12.04"]

1. d4 Nf6 2. Nf3 c5 3. c3 b6 4. Bf4 Bb7 5. e3 g6 6. Nbd2 Bg7 7. h3 O-O 8.
Be2 d6 9. O-O Nbd7 10. Bh2 h6 11. a4 a6 12. Re1 Ra7 13. Bc4 Qa8 14. Qe2 Ne4
15. Nxe4 Bxe4 16. Nd2 Bc6 17. f3 Rb8 18. Bd3 b5 19. a5 Re8 20. Bg3 e5 21.
dxe5 Nxe5 22. Bc2 d5 23. Bf2 Rae7 24. e4 dxe4 25. fxe4 Nd7 26. Qf1 Qb8 27.
Nb3 c4 28. Nc5 Nxc5 29. Bxc5 Re6 30. Rad1 Bxe4 31. Bxe4 Rxe4 32. Rxe4 Rxe4
33. Qf3 Qe5 34. Bf2 Qe7 35. Rd5 Re2 36. Rd7 Qxd7 37. Qxe2 Qd5 38. Qe8+ Kh7
39. Bg3 b4 40. cxb4 Bxb2 41. Kh2 Bd4 42. Qc8 Qe6 43. Qc7 Kg7 44. Qb8 Qe3
45. Bd6 Qg1+ 46. Kg3 Qe1+ 0-1

[Event "ch-IND National A"]
[Site "Calicut IND"]
[Date "2003.12.20"]
[Round "23"]
[White "Neelotpal,D"]
[Black "Srinivasa Rao,M"]
[Result "1/2-1/2"]
[WhiteElo "2443"]
[BlackElo "2329"]
[EventDate "2003.12.04"]

1. d4 Nf6 2. c4 g6 3. g3 Bg7 4. Bg2 d5 5. cxd5 Nxd5 6. e4 Nb6 7. Ne2 O-O 8.
O-O Nc6 9. d5 Na5 10. Nbc3 c5 11. b3 e6 12. Be3 Nd7 13. Qd2 exd5 14. exd5
b6 15. Bg5 Bf6 16. Bh6 Re8 17. Rad1 Ba6 18. Rfe1 Ne5 19. Nc1 Ng4 20. Rxe8+
Qxe8 21. Ne4 Bd4 22. Bg5 f5 23. h3 fxe4 24. hxg4 Qe5 25. Be3 Qxd5 26. Ne2
Bxe2 27. Qxe2 Re8 28. Qb5 Qc6 29. Qe2 Qd5 30. Bxd4 cxd4 31. Re1 Kg7 32.
Bxe4 Qc5 33. Qd2 Qc3 34. Qxc3 dxc3 35. Re3 b5 36. f3 b4 37. Rd3 Nc6 1/2-1/2